Movies Quiz

Random Movies or Oscar Quiz

Directors Oscar nominated for screenplay Quiz Stats

 Plays Quiz not verified by Sporcle

Score 0/141 Timer 15:00
0 Plays Today
First Writing Nomination Director % Correct
1977Woody Allen
98%
1997Paul Thomas Anderson
93.9%
2001Wes Anderson
93.9%
1968Roman Polanski
87.8%
1970Francis Ford Coppola
87.8%
2003Sofia Coppola
87.1%
2001Christopher Nolan
86.4%
1968Mel Brooks
85.7%
1983James L. Brooks
85%
1985Terry Gilliam
85%
1964Stanley Kubrick
83.7%
1996Joel & Ethan Coen
83%
1955Richard Brooks
81.6%
1994Quentin Tarantino
81.6%
1941Orson Welles
80.3%
1975Warren Beatty
80.3%
1985Robert Zemeckis
79.6%
1989Spike Lee
79.6%
1990Martin Scorsese
78.9%
2002Pedro Almodovar
78.9%
1959Ingmar Bergman
78.2%
1973George Lucas
78.2%
1994Peter Jackson
76.2%
1996Cameron Crowe
74.8%
2009Jason Reitman
74.8%
1940Charles Chaplin
74.1%
1979Bob Fosse
74.1%
1989Steven Soderbergh
73.5%
1996Kenneth Branagh
73.5%
1993Jane Campion
72.8%
1978Michael Cimino
72.1%
2004Michel Gondry
72.1%
2006Guillermo Del Toro
72.1%
1969Dennis Hopper
71.4%
1971Peter Bogdanovich
71.4%
1994Frank Darabont
71.4%
1980David Lynch
70.7%
1997Curtis Hanson
70.7%
1998Terrence Malick
70.7%
1996Anthony Minghella
67.3%
1999M. Night Shyamalan
67.3%
1999Alexander Payne
66.7%
1995Mike Figgis
66%
1982Wolfgang Petersen
64.6%
1992Neil Jordan
64.6%
1946David Lean
63.3%
1996Mike Leigh
63.3%
First Writing Nomination Director % Correct
1969Sam Peckinpah
62.6%
2004Paul Haggis
62.6%
1959François Truffaut
61.9%
2005Noah Baumbach
61.9%
1991John Singleton
61.2%
1999Michael Mann
61.2%
2004Richard Linklater
61.2%
1981Sidney Lumet
59.9%
2002Alfonso Cuaron
58.5%
1946Federico Fellini
57.8%
1987Lasse Hallström
57.1%
2002Todd Haynes
57.1%
1966Michelangelo Antonioni
55.8%
1971Bernardo Bertolucci
55.8%
1963Elia Kazan
53.1%
1978Oliver Stone
53.1%
1983Lawrence Kasdan
53.1%
1997Atom Egoyan
53.1%
1939Billy Wilder
52.4%
1988Philip Kaufman
52.4%
1989Jim Sheridan
51.7%
1982Alan J. Pakula
51%
1956Andrew L. Stone
50.3%
2001Todd Field
50.3%
1969Costa-Gavras
49.7%
1955Nicholas Ray
49%
1968John Cassavetes
47.6%
1994Krzysztof Kieslowski
44.9%
1972Luis Bunuel
44.2%
1998Bill Condon
44.2%
1988Gary Ross
43.5%
1988Charles Crichton
43.5%
1990Peter Weir
43.5%
1982Blake Edwards
42.9%
2001Jean-Pierre Jeunet
42.9%
1976Lina Wertmüller
42.2%
1987John Boorman
38.8%
1940Preston Sturges
38.1%
1949Robert Rossen
36.7%
1970Bob Rafelson
35.4%
1967Robert Benton
34.7%
1980Bruce Beresford
33.3%
1955Jacques Tati
32.7%
1972Jan Troell
32%
1940John Huston
29.9%
1972Louis Malle
29.9%
1960Jules Dassin
29.3%
First Writing Nomination Director % Correct
1968Gillo Pontecorvo
29.3%
1979Barry Levinson
28.6%
1983Nora Ephron
28.6%
1980Richard Rush
27.9%
1982David Mamet
27.9%
1966Claude Lelouch
27.2%
2003Denys Arcand
27.2%
1937William A. Wellman
26.5%
1965Jacques Demy
26.5%
1992John Sayles
26.5%
1989Phil Alden Robinson
25.2%
1991Agnieszka Holland
24.5%
1992George Miller
24.5%
1930Joseph L. Mankiewicz
23.1%
1964Michael Cacoyannis
23.1%
1942Michael Powell
21.8%
1949Roberto Rossellini
21.8%
1970Eric Rohmer
21.8%
1988Ron Shelton
21.8%
1939Leo McCarey
21.1%
1969Paul Mazursky
21.1%
1951Max Ophuls
19.7%
1962Pietro Germi
19.7%
1979John Milius
19.7%
1969Luchino Visconti
19%
1942Emeric Pressburger
18.4%
1952Alexander Mackendrick
17.7%
1980Nancy Meyers
15%
1973James Bridges
14.3%
2006Todd Phillips
12.9%
1948Robert Flaherty
10.9%
1965Ken Annakin
10.9%
1946Norman Panama & Melvin Frank
9.5%
1943George Seaton
6.8%
1951Budd Boetticher
6.1%
1956John Farrow
6.1%
1960Bryan Forbes
5.4%
1950André De Toth
4.8%
1946Ronald Neame
4.1%
1979Edouard Molinario
4.1%
1950Giuseppe De Santis
3.4%
1951Russell Rouse
3.4%
1955Henri Verneuil
3.4%
1964Jean-Paul Rappeneau
3.4%
1964Mario Monicelli
2.7%
1955Melville Shavelson
2%
1964Philippe De Broca
2%

You're not logged in!

Compare scores with friends on all Sporcle quizzes.
OR
Log In

Show Comments

Extras

Top Quizzes Today


Score Distribution

Your Account Isn't Verified!

In order to create a playlist on Sporcle, you need to verify the email address you used during registration. Go to your Sporcle Settings to finish the process.

Report this User

Report this user for behavior that violates our Community Guidelines.

Details: